Analyse de l'apport alimentaire en vitamine A chez les enfants de 1 à 5 ans dans la commune de Dogbo (Record no. 32060)

MARC details
000 -LEADER
fixed length control field 01514 a2200373 4500
041 ## - CODE DE LANGUE
Language code of summary or abstract/overprinted title or subtitle Fr.
040 ## - SOURCE DU CATALOGAGE
Original cataloging agency Support
041 ## - CODE DE LANGUE
Language code of summary or abstract/overprinted title or subtitle Fr.%En.
100 ## - VEDETTE PRINCIPALE - NOM DE PERSONNE
Personal name NAGO, Houéfa Eunice Sorel
130 ## - VEDETTE PRINCIPALE - TITRE UNIFORME
Language of a work Fr.
100 ## - VEDETTE PRINCIPALE - NOM DE PERSONNE
Affiliation Abomey-Calavi, Université d'Abomey-Calavi, Faculté des Sciences Agronomiques, Bj
240 ## - UNIFORM TITLE
Uniform title <a href="Analysis of the dietary vitamin A intake of children aged 1 to 5 years at Dogbo">Analysis of the dietary vitamin A intake of children aged 1 to 5 years at Dogbo</a>
260 ## - PUBLICATION, DISTRIBUTION, ETC. (IMPRINT)
Place of publication, distribution, etc Abomey-Calavi
260 ## - PUBLICATION, DISTRIBUTION, ETC. (IMPRINT)
Name of publisher, distributor, etc FSA/UAC
260 ## - PUBLICATION, DISTRIBUTION, ETC. (IMPRINT)
Date of publication, distribution, etc 18 décembre 2003
245 ## - TITLE STATEMENT
Title Analyse de l'apport alimentaire en vitamine A chez les enfants de 1 à 5 ans dans la commune de Dogbo
300 ## - PHYSICAL DESCRIPTION
Extent xiii-65 p. + annexes
300 ## - PHYSICAL DESCRIPTION
Other physical details 29 cm
502 ## - DISSERTATION NOTE
Dissertation note Thèse pour l'obtention du Diplôme d'Ingénieur Agronome
520 ## - SUMMARY, ETC.
Summary, etc La carence en vitamine A constitue un véritable problème de santé publique au Bénin chez les enfants en âge préscolaire. Le moyen de lutte dans notre pays est la supplémentation ou administration de vitamine A sous forme médicamenteuse aux personnes affectées ou à risques...
650 ## - SUBJECT ADDED ENTRY--TOPICAL TERM
Topical term or geographic name as entry element Retinol
650 ## - SUBJECT ADDED ENTRY--TOPICAL TERM
Topical term or geographic name as entry element Enfant
650 ## - SUBJECT ADDED ENTRY--TOPICAL TERM
Topical term or geographic name as entry element Besoin nutritionnel
650 ## - SUBJECT ADDED ENTRY--TOPICAL TERM
Topical term or geographic name as entry element Etat nutritionnel
650 ## - SUBJECT ADDED ENTRY--TOPICAL TERM
Topical term or geographic name as entry element Complément alimentaire
650 ## - SUBJECT ADDED ENTRY--TOPICAL TERM
Topical term or geographic name as entry element Consommation alimentaire
651 ## - SUBJECT ADDED ENTRY--GEOGRAPHIC NAME
Geographic name Dogbo
653 1# - INDEX TERM--UNCONTROLLED
Uncontrolled term Nutrition et Sciences Alimentaires
653 #1 - INDEX TERM--UNCONTROLLED
Uncontrolled term Nutrition et Sciences Alimentaires
651 ## - SUBJECT ADDED ENTRY--GEOGRAPHIC NAME
Geographic name Bénin
690 ## - LOCAL SUBJECT ADDED ENTRY--TOPICAL TERM (OCLC, RLIN)
Topical term or geographic name as entry element Vitamine A
710 ## - ADDED ENTRY--CORPORATE NAME
Corporate name or jurisdiction name as entry element Abomey-Calavi, Université d'Abomey-Calavi, Faculté des Sciences Agronomiques, Bj
Holdings
Withdrawn status Lost status Damaged status Not for loan Location (home branch) Sublocation or collection (holding branch) Date acquired Koha issues (times borrowed) Koha full call number Koha date last seen Copy number Price effective from Koha item type Public note
        Bibliothèque-Centre de Documentation de la Faculté des Sciences Agronomiques Bibliothèque-Centre de Documentation de la Faculté des Sciences Agronomiques     T.NSA.2003.005 28/02/2009 02 28/02/2009 Livre A.9141


© 2008, Bibliothèques de l'Université d'Abomey-Calavi

04 BP 789 Cotonou, Tél. : +229 21 36 01 01, Fax : +229 21 35 06 32

Courriel : bu@bu.uac.bj